[Event "Uni Leipzig - Uni Karlsruhe 1"]
[Site "Augsburg"]
[Date "2009.10.10"]
[Round "5.1"]
[White "Strohhaeker, Raoul"]
[Black "Schuetze, Norman"]
[Result "1-0"]
[WhiteElo "2443"]
[BlackElo "2278"]
[PlyCount "83"]
[EventDate "2009.10.08"]

1. e4 c5 2. Nf3 d6 3. d4 cxd4 4. Qxd4 a6 5. c4 e6 6. Be3 Nf6 7. Nc3 Be7 8. h3
O-O 9. Be2 Nbd7 10. O-O Qc7 11. b4 b6 12. Rac1 Bb7 13. Nd2 Rac8 14. a3 Qb8 15.
g4 Rfd8 16. g5 Ne8 17. h4 Nc7 18. Na4 b5 19. Nb6 Nxb6 20. Qxb6 bxc4 21. Nxc4
Na8 22. Qa7 Qxa7 23. Bxa7 Bxe4 24. Na5 f6 25. Bxa6 Rxc1 26. Rxc1 fxg5 27. b5
Rf8 28. Rc8 Bd8 29. Nc4 Nc7 30. Nxd6 Bd3 31. Bb6 Nxa6 32. Bxd8 Nc5 33. b6 Ba6
34. Rxc5 Rxd8 35. Ra5 Be2 36. b7 Bf3 37. hxg5 Rb8 38. Rb5 Kf8 39. a4 Ke7 40.
Rb6 Kd7 41. a5 Kc7 42. Nb5+ 1-0

[Event "Uni Leipzig - Uni Karlsruhe 1"]
[Site "Augsburg"]
[Date "2009.10.10"]
[Round "5.2"]
[White "Schoeneberg, Manfred"]
[Black "Wehner, Roland"]
[Result "1/2-1/2"]
[WhiteElo "2298"]
[BlackElo "2243"]
[PlyCount "39"]
[EventDate "2009.10.08"]

1. e4 e6 2. d4 d5 3. Nc3 Nf6 4. Bg5 Bb4 5. e5 h6 6. exf6 hxg5 7. fxg7 Rg8 8. h4
gxh4 9. Qh5 Qf6 10. Qxh4 Qxh4 11. Rxh4 Rxg7 12. Rh8+ Bf8 13. Nf3 Nc6 14. g3 Bd7
15. Bb5 O-O-O 16. O-O-O Bd6 17. Rdh1 Rgg8 18. Rxg8 Rxg8 19. Rh7 f6 20. Kd2
1/2-1/2

[Event "Uni Leipzig - Uni Karlsruhe 1"]
[Site "Augsburg"]
[Date "2009.10.10"]
[Round "5.3"]
[White "Hauser, Carlos"]
[Black "Schindler, Christian"]
[Result "1/2-1/2"]
[WhiteElo "2206"]
[BlackElo "2152"]
[PlyCount "47"]
[EventDate "2009.10.08"]

1. d4 Nf6 2. c4 c5 3. d5 b5 4. cxb5 a6 5. bxa6 Bxa6 6. Nc3 d6 7. g3 g6 8. Bg2
Bg7 9. Nf3 O-O 10. O-O Nbd7 11. Rb1 Ne8 12. Bg5 Nc7 13. a4 Rb8 14. Re1 Re8 15.
e4 Rb4 16. Bf1 Qb8 17. Qc2 Qb7 18. Bxa6 Qxa6 19. b3 c4 20. Nb5 Nxb5 21. axb5
Qxb5 22. bxc4 Qxc4 23. Qxc4 Rxc4 24. Rb7 1/2-1/2

[Event "Uni Leipzig - Uni Karlsruhe 1"]
[Site "Augsburg"]
[Date "2009.10.10"]
[Round "5.4"]
[White "Pruefer, Friedbert"]
[Black "Belica, Matej"]
[Result "0-1"]
[WhiteElo "2073"]
[BlackElo "2095"]
[PlyCount "130"]
[EventDate "2009.10.08"]

1. d4 Nf6 2. Nf3 c5 3. d5 e6 4. Nc3 exd5 5. Nxd5 Nxd5 6. Qxd5 Nc6 7. Bf4 d6 8.
e3 Be6 9. Qd2 d5 10. Ne5 Qb6 11. c3 Be7 12. Nxc6 Qxc6 13. Be2 O-O 14. O-O Bf6
15. Rac1 Rfd8 16. Bf3 Qa6 17. Qc2 Qxa2 18. Ra1 Qc4 19. Be2 Bf5 20. Qd1 Qe4 21.
g4 Bg6 22. g5 Be7 23. h4 Qc2 24. Qxc2 Bxc2 25. Bg4 Bd6 26. Bxd6 Rxd6 27. Rfc1
Bb3 28. Ra3 Bc4 29. b3 Bb5 30. Rd1 Bc6 31. Ra2 Kf8 32. Bf3 Ke7 33. b4 cxb4 34.
cxb4 h6 35. Kf1 hxg5 36. hxg5 Bb5+ 37. Be2 Bxe2+ 38. Kxe2 Ke6 39. f4 a6 40. Rc2
Rad8 41. Rd4 Rc6 42. Rcd2 Rdd6 43. Kf3 Rc4 44. Kg4 Rxd4 45. Rxd4 Rc6 46. e4
dxe4 47. Rxe4+ Kd7 48. Kh5 b6 49. f5 a5 50. bxa5 bxa5 51. Rf4 Ra6 52. Ra4 Kc6
53. f6 gxf6 54. gxf6 Kb5 55. Rf4 a4 56. Kh6 a3 57. Kg7 Ra7 58. Rf2 Kc4 59. Rf4+
Kd5 60. Rf2 a2 {kein Mitschrift der restlichen Zuege; die Schlussstellung nach
65 Zuegen wurde aber wohl wie folgt erreicht:} 61. Rd2+ Kc4 62. Rxa2 Rxa2 63.
Kxf7 Kd5 64. Kg8 Ra8+ 65. Kg7 Ke6 0-1

[Event "Augusta Vindelicum - Uni Muenster 1"]
[Site "Augsburg"]
[Date "2009.10.10"]
[Round "5.1"]
[White "Ratkovitch, Dimitri"]
[Black "Sargin, Anatol"]
[Result "1-0"]
[WhiteElo "2088"]
[BlackElo "2179"]
[PlyCount "57"]
[EventDate "2009.10.08"]

1. e4 e6 2. d4 d5 3. Nc3 Bb4 4. e5 c5 5. Bd2 Bd7 6. Nb5 Bxd2+ 7. Qxd2 Bxb5 8.
Bxb5+ Nd7 9. dxc5 Qc7 10. Nf3 Qxc5 11. c4 Rd8 12. b4 Qb6 13. a4 Ne7 14. a5 Qc7
15. Rc1 Qb8 16. Qg5 dxc4 17. Qxg7 Rg8 18. Qxh7 Rxg2 19. Kf1 Rg6 20. Rg1 Kf8 21.
Bxd7 Rxd7 22. Ng5 Nc6 23. Nxe6+ fxe6 24. Qxg6 Qxe5 25. Qg8+ Ke7 26. Rg7+ Kd6
27. Rd1+ Nd4 28. Rxd7+ Kxd7 29. Qg4 1-0

[Event "Augusta Vindelicum - Uni Muenster 1"]
[Site "Augsburg"]
[Date "2009.10.10"]
[Round "5.2"]
[White "Steffen, Kevin"]
[Black "Rehfeldt, Frank"]
[Result "1-0"]
[WhiteElo "2137"]
[BlackElo "2082"]
[PlyCount "73"]
[EventDate "2009.10.08"]

1. e4 c6 2. d4 d5 3. Nc3 dxe4 4. Nxe4 Bf5 5. Ng3 Bg6 6. h4 h6 7. Nf3 Nd7 8. Bd3
Bxd3 9. Qxd3 Qc7 10. Bd2 e6 11. O-O-O O-O-O 12. Rhe1 Ngf6 13. Kb1 Kb8 14. Qe2
Bd6 15. Ne5 Rhf8 16. Nh5 Nxh5 17. Qxh5 Nf6 18. Qf3 Ng8 19. Nc4 Ka8 20. Qb3 Ne7
21. Ba5 b6 22. Nxb6+ axb6 23. Bxb6 Qb7 24. Qa4+ Kb8 25. Bxd8 Rxd8 26. Re3 Kc7
27. Rb3 Qa8 28. Qc4 Qa5 29. Qe2 Ra8 30. a3 Nf5 31. c4 Nxh4 32. c5 Bf8 33. Qe5+
Kc8 34. Qf4 Qa4 35. Rdd3 Nf5 36. g4 g5 37. Qf3 1-0

[Event "Augusta Vindelicum - Uni Muenster 1"]
[Site "Augsburg"]
[Date "2009.10.10"]
[Round "5.3"]
[White "Herud, Martin"]
[Black "Buehler, Florian"]
[Result "0-1"]
[WhiteElo "2023"]
[BlackElo "2018"]
[PlyCount "56"]
[EventDate "2009.10.08"]

1. e4 g6 2. d4 Bg7 3. Nc3 d6 4. Bc4 c6 5. Nf3 b5 6. Bb3 a5 7. a4 b4 8. Ne2 Nf6
9. Ng3 Ba6 10. Bf4 e6 11. Qd2 h6 12. h4 Qe7 13. h5 g5 14. Nxg5 hxg5 15. Bxg5
Nbd7 16. h6 Bf8 17. e5 dxe5 18. dxe5 Nxe5 19. Qf4 Ng6 20. Qd4 c5 21. Qe3 Bxh6
22. Rxh6 Rxh6 23. Bxh6 c4 24. Ba2 Nd5 25. Qe4 Qh4 26. Bxc4 Bxc4 27. Rd1 Qxe4+
28. Nxe4 Ke7 0-1

[Event "Augusta Vindelicum - Uni Muenster 1"]
[Site "Augsburg"]
[Date "2009.10.10"]
[Round "5.4"]
[White "Luhn, Robert"]
[Black "Stopka, Tobias"]
[Result "0-1"]
[WhiteElo "2055"]
[BlackElo "1892"]
[PlyCount "82"]
[EventDate "2009.10.08"]

1. Nf3 d5 2. d4 Nf6 3. c4 c6 4. Nc3 dxc4 5. a4 Bf5 6. Ne5 Nbd7 7. Nxc4 Nb6 8.
Ne5 a5 9. f3 Nfd7 10. e4 Bg6 11. Nxd7 Qxd7 12. Be3 Nc8 13. Qb3 e6 14. h4 h5 15.
Be2 Bd6 16. Bf2 Qc7 17. O-O Ne7 18. Rfe1 O-O 19. Rad1 Rfe8 20. Bd3 Rab8 21. Re2
Bh2+ 22. Kh1 Bg3 23. e5 Bxf2 24. Rxf2 Bxd3 25. Rxd3 Red8 26. Ne4 b5 27. f4 bxa4
28. Qd1 Rb3 29. Rxb3 axb3 30. Qxh5 Nf5 31. g4 Nh6 32. g5 Nf5 33. g6 fxg6 34.
Qxg6 Qf7 35. Qg1 Rxd4 36. Nf6+ Kh8 37. Ng4 Rd3 38. Qe1 Qh5 39. Rg2 Rh3+ 40. Nh2
Nxh4 41. Rf2 Nf3 0-1

[Event "Augusta Vindelicorum - Uni Muenster 2"]
[Site "Augsburg"]
[Date "2009.10.10"]
[Round "5.1"]
[White "Webner, Dennis"]
[Black "Pitl, Gregory"]
[Result "1/2-1/2"]
[WhiteElo "2048"]
[BlackElo "2405"]
[PlyCount "41"]
[EventDate "2009.10.08"]

1. e4 d5 2. Nf3 Bg4 3. e5 e6 4. c3 Bxf3 5. Qxf3 c5 6. d4 Nc6 7. Bb5 cxd4 8.
cxd4 Qb6 9. Nc3 Qxd4 10. O-O Nge7 11. Be3 Qxe5 12. Rad1 a6 13. Ba4 Rc8 14. Rfe1
b5 15. Bb3 Qf5 16. Qe2 Rd8 17. Bb6 Rd7 18. a4 d4 19. axb5 axb5 20. Bc2 Qf4 21.
Nxb5 1/2-1/2

[Event "Augusta Vindelicorum - Uni Muenster 2"]
[Site "Augsburg"]
[Date "2009.10.10"]
[Round "5.2"]
[White "Grimberg, Boris"]
[Black "Wolffgang, Georg"]
[Result "1-0"]
[WhiteElo "2401"]
[BlackElo "1828"]
[PlyCount "55"]
[EventDate "2009.10.08"]

1. e4 d5 2. exd5 Qxd5 3. Nc3 Qa5 4. d4 Nf6 5. Bc4 Bf5 6. Qe2 c6 7. Bd2 Qc7 8.
O-O-O e6 9. Nf3 Nbd7 10. Ne5 Nxe5 11. dxe5 Nd5 12. g4 Bg6 13. f4 O-O-O 14. Rhf1
h6 15. f5 Nxc3 16. Bxc3 Rxd1+ 17. Qxd1 exf5 18. gxf5 Bh7 19. e6 f6 20. Qg4 Bc5
21. Rd1 Rd8 22. Rd7 Rxd7 23. exd7+ Kd8 24. Qxg7 Qf4+ 25. Kb1 Be7 26. Qh8+ Kxd7
27. Be6+ Kc7 28. Ba5+ 1-0

[Event "Augusta Vindelicorum - Uni Muenster 2"]
[Site "Augsburg"]
[Date "2009.10.10"]
[Round "5.3"]
[White "Braun, Oskar"]
[Black "Billing, Christian"]
[Result "0-1"]
[WhiteElo "1691"]
[BlackElo "2226"]
[PlyCount "80"]
[EventDate "2009.10.08"]

1. d4 d5 2. c4 e6 3. Nc3 Nf6 4. Bg5 Be7 5. Nf3 O-O 6. e3 Nbd7 7. Bd3 dxc4 8.
Bxc4 c5 9. O-O h6 10. Bh4 a6 11. a4 cxd4 12. Nxd4 Ne5 13. Be2 Qa5 14. Ne4 Nxe4
15. Bxe7 Re8 16. Bh4 Ng6 17. Bg3 e5 18. Nb3 Qb4 19. Bf3 Nxg3 20. hxg3 Be6 21.
Ra3 Red8 22. Qc2 Rac8 23. Qe4 Rc4 24. Qxb7 e4 25. Qxb4 Rxb4 26. Bd1 Bc4 27. Re1
Ne5 28. Bc2 Bd3 29. Rd1 Rc8 30. Bxd3 exd3 31. Nd4 Rxb2 32. f4 Ng4 33. Raxd3 Nf2
34. R1d2 Nxd3 35. Rxd3 Ra2 36. Nf5 Rcc2 37. Rd8+ Kh7 38. Rd7 Rxg2+ 39. Kf1
Rgf2+ 40. Kg1 Rfb2 0-1

[Event "Uni Karlsruhe 2 - Uni Bamberg"]
[Site "Augsburg"]
[Date "2009.10.10"]
[Round "5.1"]
[White "Heinz, Axel"]
[Black "Strohhaeker, Ralph"]
[Result "1-0"]
[WhiteElo "2436"]
[BlackElo "2073"]
[PlyCount "97"]
[EventDate "2009.10.08"]

1. e4 c5 2. Nf3 e6 3. d4 cxd4 4. Nxd4 Nc6 5. Nc3 Qc7 6. g3 a6 7. Bg2 Nf6 8. O-O
d6 9. Re1 Bd7 10. Nxc6 Bxc6 11. Nd5 Qd8 12. Be3 Nd7 13. c4 Bxd5 14. cxd5 e5 15.
Qb3 Rb8 16. Qa4 Be7 17. Bh3 Ra8 18. Rec1 b5 19. Qc2 O-O 20. Bxd7 Qxd7 21. Qc7
Rfd8 22. Rc6 Bf8 23. Qxd7 Rxd7 24. Rac1 Be7 25. Bb6 g6 26. Rc8+ Rxc8 27. Rxc8+
Kg7 28. Ra8 f5 29. Rxa6 Rb7 30. Be3 fxe4 31. Ra7 Rxa7 32. Bxa7 Kf6 33. Be3 Bd8
34. Kf1 Ba5 35. Ke2 Ke7 36. Ba7 Kf6 37. a3 Bc7 38. h3 h5 39. Be3 Ba5 40. Ba7
Bc7 41. b3 Ba5 42. a4 bxa4 43. bxa4 Bc7 44. Kd2 Ke7 45. Ke3 Kf6 46. Kxe4 Ba5
47. Be3 Bb4 48. Kd3 Kf5 49. f3 1-0

[Event "Uni Karlsruhe 2 - Uni Bamberg"]
[Site "Augsburg"]
[Date "2009.10.10"]
[Round "5.2"]
[White "Fucik, Timo"]
[Black "Sonnenberg, Christoph"]
[Result "1-0"]
[WhiteElo "2093"]
[BlackElo "1858"]
[PlyCount "83"]
[EventDate "2009.10.08"]

1. d4 e6 2. c4 Nf6 3. Nc3 c5 4. Nf3 cxd4 5. Nxd4 Nc6 6. g3 g6 7. Bg2 a6 8. Bg5
h6 9. Nxc6 bxc6 10. Bf4 d5 11. Be5 Bd6 12. Bxd6 Qxd6 13. Qd2 Rb8 14. O-O O-O
15. Rfe1 Qc5 16. cxd5 cxd5 17. Qf4 Nd7 18. Qxh6 Qb4 19. Rab1 Ne5 20. a3 Qb6 21.
e3 Bd7 22. Red1 f5 23. Rd4 Kf7 24. Rb4 Bb5 25. Qh7+ Kf6 26. Qh4+ g5 27. Qh6+
Ng6 28. h4 gxh4 29. gxh4 Rh8 30. Qg5+ Kf7 31. h5 Ne5 32. Nxd5 Qd8 33. Qxd8
Rbxd8 34. Nf4 Rd2 35. a4 Bd7 36. Rb7 Kf6 37. Kf1 Bxa4 38. Rb6 Bb5+ 39. Ke1 Rhd8
40. Rxe6+ Kg5 41. Rxe5 Rc2 42. Ne6+ 1-0

[Event "Uni Karlsruhe 2 - Uni Bamberg"]
[Site "Augsburg"]
[Date "2009.10.10"]
[Round "5.3"]
[White "Stich, Christopher"]
[Black "Augner, Bjoern"]
[Result "0-1"]
[WhiteElo "1973"]
[BlackElo "2007"]
[PlyCount "62"]
[EventDate "2009.10.08"]

1. e4 e6 2. d4 d5 3. Nc3 dxe4 4. Nxe4 Bd7 5. Nf3 Bc6 6. Bd3 Nd7 7. O-O Ngf6 8.
Qe2 Nxe4 9. Bxe4 Bxe4 10. Qxe4 c6 11. b3 Nf6 12. Qe2 Be7 13. Bb2 O-O 14. Rad1
a5 15. a4 Re8 16. Ne5 Qd5 17. Rd3 Rad8 18. Rfd1 Nd7 19. c4 Qd6 20. Nxd7 Qxd7
21. Qh5 e5 22. Rh3 h6 23. Rg3 Bg5 24. d5 Qe7 25. dxc6 bxc6 26. Rgd3 Rxd3 27.
Rxd3 e4 28. Rd1 e3 29. fxe3 Qxe3+ 30. Kf1 Qxb3 31. Rd7 Qxc4+ 0-1

[Event "Uni Karlsruhe 2 - Uni Bamberg"]
[Site "Augsburg"]
[Date "2009.10.10"]
[Round "5.4"]
[White "Juszczak, Anna"]
[Black "Ortiz, Andre"]
[Result "1-0"]
[WhiteElo "2042"]
[BlackElo "1608"]
[PlyCount "115"]
[EventDate "2009.10.08"]

1. d4 d6 2. Nf3 Nf6 3. c4 g6 4. Nc3 Bg7 5. e4 O-O 6. h3 Nbd7 7. Bd3 e5 8. d5
Nc5 9. Bc2 a6 10. b4 Ncd7 11. Bg5 a5 12. a3 axb4 13. axb4 Rxa1 14. Qxa1 Nb6 15.
Bd3 Qe8 16. Nd2 Bd7 17. g4 Qa8 18. Ke2 Qxa1 19. Rxa1 Ra8 20. Rxa8+ Nxa8 21. c5
h5 22. f3 hxg4 23. hxg4 Ne8 24. Bb5 c6 25. Ba4 Nac7 26. Nc4 dxc5 27. bxc5 Na6
28. Be3 Bf8 29. Nb6 Nb8 30. Nxd7 Nxd7 31. dxc6 bxc6 32. Bxc6 Nxc5 33. Bxe8 Ne6
34. Nd5 g5 35. Bd7 Nf4+ 36. Nxf4 gxf4 37. Bb6 Be7 38. Bc7 f6 39. Bf5 Bc5 40. g5
fxg5 41. Bxe5 Kf7 42. Kd3 Be7 43. Kc4 Bf6 44. Bxf6 Kxf6 45. Kd5 Ke7 46. Ke5 Kf7
47. Kd6 Kf6 48. Bg4 Kf7 49. e5 Ke8 50. e6 Kf8 51. e7+ Kf7 52. Kd7 Kf6 53. e8=Q
Kg7 54. Bf5 Kf6 55. Qe6+ Kg7 56. Qg6+ Kf8 57. Be6 g4 58. Qf7# 1-0